| 000 | 01827nam a2200445 c 4500 | ||
|---|---|---|---|
| 001 | 13260 | ||
| 003 | ES-MaCES | ||
| 005 | 20180118122041.0 | ||
| 008 | 020123s2001 lu t o000 | eng d | ||
| 020 | _a9289701129 | ||
| 035 | _aCES20020001494m | ||
| 040 |
_aES-MaCES _bspa _cES-MaCES |
||
| 100 | 1 |
_aFagan, Colette _911563 |
|
| 245 | 1 | 0 |
_aGender, employment and working time preferences in Europe _cColette Fagan, (with Tracey Warren and Lain McAllister) |
| 260 |
_aLuxembourg _bOffice for Official Publications of the European Communities _c2001 |
||
| 300 |
_aVII, 117 p. _c30 cm _e1 folleto-resumen en spa (7 p.) |
||
| 500 | _aTít. del folleto-resumen: Género, empleo y preferencias sobre el tiempo de trabajo | ||
| 500 | _aISBN 92-897-0114-5 | ||
| 500 | _aPubl. también en francés bajo el tít.: Genre, emploi et préférences pour le temps de travail en Europe | ||
| 500 | _aEn la port., además: European Foundation for the Improvement of Living and Working Conditions | ||
| 504 | _aBibliografía: p. 87-91 | ||
| 541 | _cGratuito | ||
| 650 | 4 |
_amujeres _928657 |
|
| 650 | 4 |
_atrabajadora _928413 |
|
| 650 | 4 |
_aempleo _928299 |
|
| 650 | 4 |
_aactitud de los trabajadores _928365 |
|
| 650 | 4 |
_ahoras de trabajo _928335 |
|
| 650 | 4 |
_aordenamiento del tiempo de trabajo _929205 |
|
| 650 | 4 |
_acomparación _928892 |
|
| 653 | 1 | 0 | _aEmpleo |
| 650 | 4 |
_926752 _aUE |
|
| 700 | 1 |
_aWarren, Tracey _926149 |
|
| 700 | 1 |
_aMcAllister, Lain _918228 |
|
| 710 | 2 |
_93819 _aFundación Europea para la Mejora de las Condiciones de Vida y de Trabajo |
|
| 740 | 0 | 2 | _aGénero, empleo y preferencias sobre el tiempo de trabajo en Europa |
| 740 | 0 | 2 | _aGenre, emploi et préférences pour le temps de travail en Europe |
| 902 | _aLIB Libro | ||
| 942 |
_2CES _cBK _h2.1. |
||
| 999 |
_c13260 _d13260 |
||